000 00546nam a2200229Ia 4500
003 OSt
005 20230328152737.0
008 210423s2007 xx 000 0 und d
020 _a9781412911207
040 _cAL
041 _aeng
082 _a343.099 BLOD
100 _aBLOY (Duncan)
_979153
245 _aMedia law
260 _aNew Delhi
_bSage Publications
_c2007
300 _axxi,202
_bPB
365 _b1288
_cINR
650 _aLaw
_979154
650 _aMilitary Tax Trade Law
_979155
906 _alaw ; Media
942 _2ddc
_cBK
999 _c156267
_d156267